Handbook of industrial policy and statistics 1999 (Record no. 41783)

MARC details
000 -LEADER
fixed length control field 00327nam a2200109Ia 4500
082 ## - DEWEY DECIMAL CLASSIFICATION NUMBER
Classification number 338.43.01(035)
Item number HAN
245 #0 - TITLE STATEMENT
Title Handbook of industrial policy and statistics 1999
260 ## - PUBLICATION, DISTRIBUTION, ETC. (IMPRINT)
Place of publication New Delhi
Name of publisher Ministry of Commerce and Industry, Govt of
490 ## - SERIES STATEMENT
Series statement India 1999
942 ## - ADDED ENTRY ELEMENTS (KOHA)
Koha item type Books
Holdings
Withdrawn status Lost status Damaged status Not for loan Home library Current library Date acquired Cost, normal purchase price Full call number Accession Number Koha item type
        RRII Library RRII Library 16/12/2021 250.00 338.43.01(035) HAN 22069 Books